00623nam a22002057a 450000500170000001000130001702000100003003500130004003700160005304000120006908200160008110000170009724500330011426000460014727000460019330000270023950000190026665000740028565000580035920170124110114.0 aA-729037 c00.00 aA-729037 bCen Lib/Ret aDPLbEN a954.08bBUC aBuchan, John aLord Minto /cby John Buchan bDeep & Deep Publicationsc1988aNew Delhi aF-159. Rajouri Garden bNew Delhie110027 axviii,352p. c21cm(Hb) aIncludes index aMinto, Gilbert John Murray Kynynmond Elliot, -- Earl of, -- 1845-1914 aGreat Britain -- Politics and government -- 1901-1910